00474 2200181 4500001002100000005001500021008004100036035001900077041000700096082001200103090001800115100003500133245003100168260002900199300002000228650002100248990002300269INLIS00000000000117520241224112312241224||||||||| | ||| |||| || |  0010-1224001175 aid0 aR 344.1 aR 344.1 BPH m0 aIndonesia.Badan Hukum Nasional00aSimposium Hukum Perburuhan aJakartabBinaciptac1977 a256 hlm,: 21 cm 0aHukum Perburuhan a05.17.01.04.05.001